000 00570nam a22001817a 4500
005 20251108164954.0
008 250721s1993 xx 000 0 ara d
082 1 4 _a214.1/تيم
100 1 _aإبن تيميه، أحمد بن عبد الحليم
245 1 0 _aسؤالان في القضاء و القدر /
264 1 _aالقاهره :
_bالدار المصريه اللبنانيه،
_c1993.
300 _a95ص
650 1 7 _aالإسلام
650 1 7 _aأصول الدين الإسلامي
650 1 7 _aالتوحيد
942 _2ddc
_cBK
999 _c18750
_d18750